My lady Nicotine / J. M. Barrie

Ficción literaria, gira en torno a un hombre que luego de casarse debe de dejar de fumar, esta decisión se le complicará, ya que conforme avanza el relato, este hombre recordará sus años de soltero, y todas las buenas experiencias y amigos que le ha dejado el tabaco. La obra escrita en 1890 por Jame...

תיאור מלא

שמור ב:
מידע ביבליוגרפי
מחבר ראשי: Barrie, James Matthew
פורמט: ספר
שפה:Undetermined
יצא לאור: New York, Estados Unidos Charles Scribner´s Sons 1926
מהדורה:2
נושאים:
תגים: הוספת תג
אין תגיות, היה/י הראשונ/ה לתייג את הרשומה!

MARC

LEADER 00000nam a2200000Ia 4500
008 170316s9999 xx 000 0 und d
040 |a cru BVZT 
090 |a 810 B-5m 
100 |a Barrie, James Matthew  
245 |a My lady Nicotine / J. M. Barrie 
250 |a 2 
260 |a New York, Estados Unidos  |b Charles Scribner´s Sons  |c 1926 
300 |a 353 páginas 
520 |a Ficción literaria, gira en torno a un hombre que luego de casarse debe de dejar de fumar, esta decisión se le complicará, ya que conforme avanza el relato, este hombre recordará sus años de soltero, y todas las buenas experiencias y amigos que le ha dejado el tabaco. La obra escrita en 1890 por James Matthew Barrie, se puede considerar como uno de los mejores ensayos que se ha escrito sobre el tabaco. 
650 |a LITERATURA ESTADOUNIDENSE  |9 25 
650 |a ENSAYO 
650 |a EN IDIOMA INGLÉS  |9 129 
999 |c 5466  |d 5466 
942 |c 15 D  |h 810 B-5m  |2 z